000 00773nam a22002657a 4500
008 130618b xxu||||| |||| 00| 0 eng d
020 _a81-7273-002-0
024 _cAvailable
037 _cAvailable
040 _aMBSTU LIBRARY
_dMBSTU LIBRARY
082 _222
_a303.628 MIT
100 _aMishra, H B.
110 _aBerdell R Funke and Christine L Case.
245 _aTerrorism : threat to peace and harmony.
260 _a Delhi
_bAuthors Press.
_c1999
300 _a21 cm.
_bvi, 302 page
_f5
_g21 cm.
600 _2Terrorism.
650 _2Terrorism.
700 _aMishra, H B.
710 _aBerdell R Funke and Christine L Case.
270 _a Delhi
_b Delhi
_dIndia
365 _b826.00
_d826.00
942 _2ddc
_cBK
999 _c500
_d500